000 00512nam a2200229Ia 4500
008 210210b1882 xxu||||| |||| 00| 0 eng d
020 _aMasson
041 _aeng
082 _a821/452
100 _aMILTON (John)
245 _aPoetical works: Masson Ed Vol II
260 _aLondon
_bMacmillan & Co. Ltd.
_c1882
440 _aII
650 _aworks:
650 _aVol
650 _aPoetical
650 _aMasson
650 _aII
650 _aEd
690 _aEnglish Literature
906 _a011621
999 _c130309
_d130309